000 01030cam a22003257a 4500
001 16241510
003 LC
005 20160317135554.0
008 100519s2010 nyuo 000 0 eng
010 _a 2010929046
020 _a9780545285049
040 _aDLC
_cDLC
_dDLC
042 _apcc
050 0 0 _aPZ 7
_b.R585 2010
082 _aFIC R48
_b2010
100 1 _aKass, Mallory
_920839
245 1 4 _aThe 39 clues :
_bthe black book of buried secrets /
_c[written by Mallory Kass] ; introduction by Rick Riordan.
246 3 _aThirty nine clues
246 3 _aBlack book of buried secrets
260 _aNew York :
_bScholastic,
_cc2010.
300 _a184 p. :
_bphotos ;
_c20 cm.
562 _e1
650 _aBrothers and sisters -- Juvenile fiction.
650 _aOrphans -- Juvenile fiction.
650 _aInheritance and succession -- Juvenile fiction.
906 _a7
_bcbc
_corignew
_d4
_encip
_f20
_gy-gencatlg
942 _2lcc
_cBK
999 _c11651
_d11651